000 00594nam a2200181 a 4500
001 000036395
005 20200930075716.0
008 120116s1984 xxuad 000 0 spa d
020 _a0890049130
040 _aDO-SdBNP
_bspa
_cBNPHU
082 _axxx
_bL668d
100 1 _aLevy, Howard B.
_962593
245 1 0 _aDiagnosis and management of the hospitalized child /
_cHoward B. Levy, Stephen H. Sheldon, Rabi F. Sulayman.
260 _aNew York :
_bRaven Press,
_c1984.
300 _a681 p. :
_bil., diagrs. ;
_c21 cm.
700 1 _aSheldon, Stephen H.
_962594
700 1 _aSulayman, Rabi F.
_962595
999 _c35886
_d35886